000 00290nam a2200109Ia 4500
008 230907s9999||||xx |||||||||||||| ||und||
082 _a4
_bASH
245 0 _aIT equipment design impact on data center solutions /
260 _aASHRAE,
_bAtlanta, GA :
_c2016
300 _a128 p.
942 _cBK
999 _c599523
_d599523